Library Banner

Islam/ (Record no. 96619)

MARC details
000 -LEADER
fixed length control field 00368nam a22001457a 4500
005 - DATE AND TIME OF LATEST TRANSACTION
control field 20170807125119.0
008 - FIXED-LENGTH DATA ELEMENTS--GENERAL INFORMATION
fixed length control field 170807b xxu||||| |||| 00| 0 eng d
040 ## - CATALOGING SOURCE
Transcribing agency PK-LaUMT
082 ## - DEWEY DECIMAL CLASSIFICATION NUMBER
Classification number ZIAC 297
Item number MAR-I
100 ## - MAIN ENTRY--PERSONAL NAME
Personal name Mariam Jameela
245 ## - TITLE STATEMENT
Title Islam/
Statement of responsibility, etc Mariam Jameela
260 ## - PUBLICATION, DISTRIBUTION, ETC. (IMPRINT)
Place of publication, distribution, etc لاہور؛
Name of publisher, distributor, etc مکتبہ یوسفیہ،
Date of publication, distribution, etc 1969
300 ## - PHYSICAL DESCRIPTION
Extent 400 ص
942 ## - ADDED ENTRY ELEMENTS (KOHA)
Koha item type Books
Holdings
Withdrawn status Lost status Damaged status Home library Current library Date acquired Full call number Barcode Date last seen Price effective from Koha item type
      UMT Main Campus UMT Main Campus 2017-08-07 ZIAC 297 MAR-I 112220 2017-08-07 2017-08-07 Books